FAO animal health manual N.2 Manual on bovine spongiform encephalopathy

সংরক্ষণ করুন:
গ্রন্থ-পঞ্জীর বিবরন
প্রধান লেখক: John W Wilesmith
বিন্যাস: গ্রন্থ
ভাষা:Undetermined
প্রকাশিত: Rome FAO 1998
বিষয়গুলি:
ট্যাগগুলো: ট্যাগ যুক্ত করুন
কোনো ট্যাগ নেই, প্রথমজন হিসাবে ট্যাগ করুন!
Thư viện lưu trữ: Trung tâm Học liệu Trường Đại học Cần Thơ
LEADER 00552nam a2200193Ia 4500
001 CTU_33946
008 210402s9999 xx 000 0 und d
082 |a 636 
082 |b F218m/N.2 
100 |a John W Wilesmith 
245 0 |a FAO animal health manual N.2 
245 0 |b Manual on bovine spongiform encephalopathy 
245 0 |c John W Wilesmith, FAO 
260 |a Rome 
260 |b FAO 
260 |c 1998 
650 |a cattle - diseases 
904 |i Nguyễn Quang Điền, 991118 
980 |a Trung tâm Học liệu Trường Đại học Cần Thơ